<?xml version="1.0" encoding="UTF-8"?>
<record
    xmlns:xsi="http://www.w3.org/2001/XMLSchema-instance"
    xsi:schemaLocation="http://www.loc.gov/MARC21/slim http://www.loc.gov/standards/marcxml/schema/MARC21slim.xsd"
    xmlns="http://www.loc.gov/MARC21/slim">

  <leader>00632nam a22002057a 4500</leader>
  <controlfield tag="005">20171115154004.0</controlfield>
  <datafield tag="010" ind1=" " ind2=" ">
    <subfield code="a">ENG-121413</subfield>
  </datafield>
  <datafield tag="020" ind1=" " ind2=" ">
    <subfield code="c">325.00</subfield>
    <subfield code="a">9789325984219</subfield>
  </datafield>
  <datafield tag="035" ind1=" " ind2=" ">
    <subfield code="a">EN-104945</subfield>
  </datafield>
  <datafield tag="037" ind1=" " ind2=" ">
    <subfield code="b">DBAD/PUB</subfield>
  </datafield>
  <datafield tag="082" ind1=" " ind2=" ">
    <subfield code="a">620.106</subfield>
  </datafield>
  <datafield tag="100" ind1=" " ind2=" ">
    <subfield code="a">Mandal,D.K. </subfield>
  </datafield>
  <datafield tag="245" ind1=" " ind2=" ">
    <subfield code="a">Fluid mechanics and hydraulic machines /</subfield>
    <subfield code="c">by D.K. Mandal...[et.al]</subfield>
  </datafield>
  <datafield tag="260" ind1=" " ind2=" ">
    <subfield code="a">Noida</subfield>
    <subfield code="b">Vikas Publishing House</subfield>
    <subfield code="c">2015</subfield>
  </datafield>
  <datafield tag="270" ind1=" " ind2=" ">
    <subfield code="a">E-28,Sector</subfield>
    <subfield code="b">Noida</subfield>
    <subfield code="e">201301</subfield>
  </datafield>
  <datafield tag="300" ind1=" " ind2=" ">
    <subfield code="a">xiii,447p. :</subfield>
    <subfield code="c">25cm(pbk)</subfield>
    <subfield code="b">ill.</subfield>
  </datafield>
  <datafield tag="500" ind1=" " ind2=" ">
    <subfield code="a">Includes bibliographical references and index</subfield>
  </datafield>
  <datafield tag="700" ind1=" " ind2=" ">
    <subfield code="a">Chakraborty,S. </subfield>
  </datafield>
  <datafield tag="942" ind1=" " ind2=" ">
    <subfield code="2">ddc</subfield>
    <subfield code="c">EN</subfield>
    <subfield code="m">MAN</subfield>
    <subfield code="h">620.106</subfield>
  </datafield>
  <datafield tag="999" ind1=" " ind2=" ">
    <subfield code="c">147449</subfield>
    <subfield code="d">147449</subfield>
  </datafield>
  <datafield tag="952" ind1=" " ind2=" ">
    <subfield code="0">0</subfield>
    <subfield code="1">0</subfield>
    <subfield code="4">0</subfield>
    <subfield code="7">1</subfield>
    <subfield code="8">NFIC</subfield>
    <subfield code="a">DBAD</subfield>
    <subfield code="b">BN</subfield>
    <subfield code="d">2017-11-15</subfield>
    <subfield code="e">DBAD/PUB</subfield>
    <subfield code="g">325.00</subfield>
    <subfield code="l">0</subfield>
    <subfield code="o">620.106 MAN</subfield>
    <subfield code="p">EN-104945</subfield>
    <subfield code="r">2017-11-15 00:00:00</subfield>
    <subfield code="t">1</subfield>
    <subfield code="v">325.00</subfield>
    <subfield code="y">EN</subfield>
  </datafield>
</record>
